[Event "CRO-ch 2020"]
[Site "Vinkovci"]
[Date "2020.06.21"]
[Round "2.6"]
[White "Zelcic, Robert"]
[Black "Kovacevic, Blazimir"]
[Result "1-0"]
[WhiteElo "2527"]
[BlackElo "2410"]
[Annotator "TA"]
[PlyCount "113"]
[EventDate "2020.06.19"]
[EventType "tourn"]
[EventCountry "CRO"]

{[%evp 21,113,38,54,49,52,50,52,50,59,25,36,20,31,6,31,31,42,53,45,20,44,55,46,46,63,8,8,5,15,13,37,21,21,25,35,32,31,31,35,21,41,45,43,11,46,42,42,42,43,0,43,0,68,66,106,34,106,16,118,124,204,216,185,41,1751,1025,864,985,933,920,1470,116,894,604,1516,1352,2033,1889,1829,1825,1825,1497,1593,1379,1382,1314,1713,1702,5222,502,375,271,230,8]} 1. e4 Nf6 2. e5 Nd5 3. d4 d6 4. Nf3 Bg4 5. Be2 e6 6. h3 Bh5 7. O-O Be7 8. c4 Nb6 9. Nc3 O-O 10. Be3 d5 11. cxd5 exd5 {[#]} 12. Nh2 $1 $146 {[%mdl 8] A relevant novelty. B05: Alekhine's Defence: 4 Nf3 Bg4.} ({Predecessor:} 12. Ne1 Bxe2 13. Qxe2 c6 14. Nd3 Na6 15. Rae1 Nc7 16. Nf4 Qd7 17. Nh5 Rae8 18. Qf3 Kh8 19. Ne2 Nc4 {0-1 (38) Navara,D (2744)-Rapport,R (2731) Prague 2016}) 12... Bxe2 13. Qxe2 Nc6 14. f4 {White is slightly better.} f5 15. exf6 Bxf6 {aiming for ...Re8.} 16. Nf3 Qe7 17. Ne5 Bxe5 18. fxe5 Qd7 19. b3 Rae8 20. a4 Rxf1+ 21. Rxf1 Nd8 22. Qh5 {Hoping for a5.} c6 23. a5 (23. Ne2 $14) 23... Na8 $1 $11 24. Ne2 {[%cal Bc3e2,Be2g3,Bg3f5,Bf5d6][%mdl 32]} Nc7 25. Ng3 Nde6 26. Qg4 Rf8 27. Nf5 Kh8 28. Rf2 b6 29. axb6 axb6 30. b4 Qe8 31. Nd6 Qa8 32. Rf5 Kg8 33. Kh2 Rxf5 34. Qxf5 Qf8 35. Qc2 Qa8 (35... Nxd4 $5 36. Bxd4 Qf4+ 37. g3 Qxd4 $11) 36. Nf5 Kf7 (36... Qe8 $11) 37. Qf2 {Black must now prevent Nh6+.} Kg8 38. Ne7+ $1 Kh8 39. Qc2 ({White should play} 39. Qf7 $16) 39... Nd8 (39... Qa3 $11 40. Qf2 Qa8) 40. b5 $16 {[%cal Rb5c6]} Qa3 (40... Nde6 $16 {was worth a try.}) 41. Bg5 $1 $18 ({Resist} 41. Nxc6 $6 Qxe3 42. Nxd8 Qf4+ 43. g3 Qf8 $14) 41... Nde6 42. Qf5 $40 {[%mdl 128] Black needs to defend precisely.} (42. Qxc6 $18 Qa4 43. Qb7 (43. Nxd5 Qxd4 {[%mdl 64] Double Attack} 44. Nxc7 Qxe5+ {[%mdl 64] Double Attack} 45. g3 Nxc7 $11) (43. Qxb6 Qxb5 44. Qd6 h6 $18)) 42... h6 $2 {[%mdl 8192]} (42... cxb5 $14 43. Nxd5 {[%mdl 64] Deflection} Nxd5 44. Qxe6 Qa8) 43. bxc6 Qa8 {[#]} 44. Bxh6 $1 {[%mdl 512]} Qe8 (44... gxh6 45. Qf6+) 45. Bg5 Qh5 {[#]} 46. h4 $2 (46. Nxd5 $1 $18 {[%mdl 512] is the precise move to win. Nf6! is the strong threat.} Nxd5 47. Qxe6 Qxg5 48. Qxd5 Qf4+ 49. Kg1) 46... Qe8 $2 {[%mdl 8192]} (46... Nxg5 $16 47. Qxg5 Qxg5 48. hxg5 b5) 47. Qg4 Nxg5 48. Qxg5 Ne6 49. Ng6+ Kh7 50. Qh5+ Kg8 51. Qg4 b5 52. h5 b4 53. Qf3 Qd8 54. Qh3 Nxd4 55. h6 (55. Qd7 $142 Nxc6 56. Qxc6) 55... gxh6 56. Qxh6 {Threatening mate with Qh8+.} Nxc6 {[#]} 57. Nf4 $2 {[%mdl 32768] Accuracy: White = 56%, Black = 54%. . Loss on time!?} (57. g3 $1 $18) 1-0

[Event "CRO-ch 2020"]
[Site "Vinkovci"]
[Date "2020.06.21"]
[Round "3.1"]
[White "Kovacevic, Blazimir"]
[Black "Rogic, Davor"]
[Result "0-1"]
[WhiteElo "2410"]
[BlackElo "2492"]
[Annotator "TA"]
[PlyCount "86"]
[EventDate "2020.06.19"]
[EventType "tourn"]
[EventCountry "CRO"]
[SourceTitle "playchess.com"]
[Source "ChessBase"]
[SourceQuality "1"]

{[%evp 13,86,5,10,3,4,0,-7,-13,-12,-12,-14,-14,-11,-26,-26,-26,-26,-26,-26,-26,-26,-35,-30,-32,-36,-41,0,0,0,-17,0,0,15,0,0,0,0,0,0,0,0,0,10,0,0,0,0,0,0,0,29,0,0,0,0,0,0,-25,0,0,0,0,0,-107,-106,-316,-304,-592,-575,-5122,-3190,-29975,-29976,-29976,-29977]} 1. c4 e5 2. Nc3 Nf6 3. Nf3 Nc6 4. e3 Bb4 5. Qc2 Bxc3 6. Qxc3 Qe7 7. Be2 O-O 8. O-O {A28: English Opening: Four Knights Variation.} d5 9. d4 {[%cal Rf3e5]} Bg4 {[#] And now ...e4 would win.} 10. dxe5 {The position is equal.} Nxe5 {[#]} 11. Nxe5 $146 ({Predecessor:} 11. b3 Nxf3+ 12. Bxf3 Ne4 13. Bxe4 dxe4 14. Bb2 f6 15. f3 Bh5 16. fxe4 Qxe4 17. Qd4 {½-½ (71) Illescas Cordoba,M (2605)-Vaibhav,S (2561) Barcelona 2018}) 11... Bxe2 12. Re1 Ne4 13. Qc2 Qxe5 14. Qxe2 dxc4 15. Qxc4 Rad8 16. f3 Nc5 17. e4 Nd3 18. Re2 Rd7 19. Qb3 Rfd8 {aiming for ...Nc5.} 20. Be3 c5 21. Rd1 Nf4 22. Red2 Ne2+ 23. Kf2 Nd4 $1 {[%cal Rd4b3]} 24. Bxd4 (24. Qc4 {with more complications.} b6 25. b4 Qxh2 26. Bxd4 cxd4 27. Rxd4 Qh4+ 28. Ke2) 24... cxd4 25. g3 h5 26. h4 b6 27. Qd3 Rc8 28. Rc2 Rxc2+ 29. Qxc2 $11 {[%mdl 4096] Endgame KQR-KQR} Rc7 30. Qd3 Qe6 31. Qxd4 {Black must now prevent Qd8+.} Rc2+ 32. Rd2 (32. Ke3 {is interesting.} Kh7 33. Qd6 Qc4 34. Qd5 Re2+ 35. Kf4) 32... Rxd2+ 33. Qxd2 Qxa2 {KQ-KQ} 34. Qc3 Qe6 35. e5 a5 36. Ke3 b5 {[%cal Bb6b5,Bb5b4,Bb4a3][%mdl 32]} 37. Kd4 b4 38. Qc5 (38. Qc4 $11 Qh3 39. Qb5) 38... Qb3 $17 {[%mdl 64] [#] Double Attack} 39. Qc8+ $2 {This costs White the game.} (39. Qxa5 $17 Qxb2+ 40. Kd3) 39... Kh7 $19 40. Qc1 $2 (40. Qf5+ g6 41. Qf6) 40... a4 41. Qf4 a3 42. bxa3 bxa3 43. e6 Qb4+ {Accuracy: White = 62%, Black = 93%.} 0-1

[Event "CRO-ch 2020"]
[Site "Vinkovci"]
[Date "2020.06.22"]
[Round "3.2"]
[White "Jovanic, Ognjen"]
[Black "Zelcic, Robert"]
[Result "1-0"]
[WhiteElo "2524"]
[BlackElo "2527"]
[Annotator "TA"]
[PlyCount "57"]
[EventDate "2020.06.19"]
[EventType "tourn"]
[EventCountry "CRO"]

{[%evp 12,57,10,4,7,17,9,4,38,45,46,43,46,51,64,62,79,93,83,55,57,52,54,54,42,48,43,50,62,62,47,44,158,163,147,145,225,234,255,255,312,275,531,516,530,530,522,506]} 1. d4 Nf6 2. c4 e6 3. Nc3 Bb4 4. Qc2 d5 5. a3 Bxc3+ 6. Qxc3 O-O 7. Bg5 dxc4 {E36: Nimzo-Indian: Classical: 4...d5 5 a3.} 8. Qxc4 b6 9. Rd1 Bb7 {The position is equal.} 10. f3 Nbd7 11. e4 Qc8 12. Ne2 {[#]} c5 $146 ({Predecessor:} 12... c6 13. Qc2 Ba6 14. Nc3 Bxf1 15. Rxf1 c5 16. d5 exd5 17. Nxd5 Nxd5 18. Rxd5 Re8 {0-1 (41) Chatterjee,D (2316)-Gomez,J (2507) Mumbai 2012}) 13. Nc3 Qb8 14. Be2 a6 15. O-O b5 {[%cal Bb6b5,Bb5b4][%mdl 32]} 16. Qd3 b4 17. Na4 cxd4 18. Qxd4 Bc6 19. Nc5 bxa3 20. Nxd7 Nxd7 21. bxa3 Qa7 (21... Rc8 $14) 22. Qxa7 $16 Rxa7 23. Be3 $36 {[%mdl 2048] Black is under strong pressure.} Raa8 (23... Rb7 $16 {might work better.}) 24. Rd6 $18 Nb8 25. Rc1 Rc8 26. Bd1 Kf8 $2 {[#]} (26... Rf8 27. Kf2 (27. Rcxc6 Nxc6 28. Rxc6 Rfc8 $18) 27... a5) 27. Ba4 $1 {[%mdl 576] Pin. White is clearly winning.} Ke7 (27... Bxa4 28. Rxc8+) 28. Bxc6 Kxd6 29. Bxa8 {Accuracy: White = 94%, Black = 65%.} 1-0

[Event "CRO-ch 2020"]
[Site "Vinkovci"]
[Date "2020.06.21"]
[Round "3.3"]
[White "Plenca, Jadranko"]
[Black "Palac, Mladen"]
[Result "1/2-1/2"]
[WhiteElo "2483"]
[BlackElo "2529"]
[Annotator "TA"]
[PlyCount "38"]
[EventDate "2020.06.19"]
[EventType "tourn"]
[EventCountry "CRO"]
[SourceTitle "playchess.com"]
[Source "ChessBase"]
[SourceQuality "1"]

{[%evp 9,38,10,24,24,24,23,24,24,24,24,12,11,26,25,41,51,60,56,60,45,71,52,50,38,57,55,58,45,60,40,90]} 1. e4 c5 2. Nf3 d6 3. Bb5+ Nd7 4. a4 Ngf6 5. Nc3 a6 6. Be2 {B51: Sicilian: Moscow Variation (3 Bb5+) without 3...Bd7.} b6 7. d4 cxd4 8. Qxd4 {White has an edge.} e6 9. O-O Bb7 10. Nd2 Qc7 11. Nc4 e5 12. Qe3 Be7 13. Rd1 O-O 14. b3 $36 {[%mdl 2048] [#] White is more active.} Rab8 $146 ({Predecessor:} 14... Rfd8 15. Ba3 Nc5 16. f3 Rac8 17. Bf1 d5 18. exd5 Nxd5 19. Nxd5 Bxd5 20. Qxe5 Qb7 {1-0 (62) Samaridis,K (2104)-Magalakis,S (1934) Thessaloniki 2020}) 15. Ba3 {[%cal Rc4d6]} Nc5 {[%cal Bd7c5,Bc5e6,Be6d4][%mdl 32] White is slightly better.} 16. Bf3 Rfd8 17. Rd2 Ba8 18. Bb4 Ne6 19. Rad1 {[%cal Rb4d6]} Nd4 {Accuracy: White = 100%, Black = 100%.} 1/2-1/2

[Event "CRO-ch 2020"]
[Site "Vinkovci"]
[Date "2020.06.21"]
[Round "3.4"]
[White "Brkic, Ante"]
[Black "Stevic, Hrvoje"]
[Result "1/2-1/2"]
[WhiteElo "2593"]
[BlackElo "2575"]
[Annotator "TA"]
[PlyCount "53"]
[EventDate "2020.06.19"]
[EventType "tourn"]
[EventCountry "CRO"]
[SourceTitle "playchess.com"]
[Source "ChessBase"]
[SourceQuality "1"]

{[%evp 15,53,37,55,34,42,31,41,44,46,23,27,8,11,0,21,0,0,0,0,0,0,0,12,-4,0,0,0,0,0,0,0,0,0,0,0,0,0,0,0,0]} 1. e4 d6 2. d4 Nf6 3. Nc3 e5 4. dxe5 dxe5 5. Qxd8+ Kxd8 6. Bc4 Ke8 7. Nf3 Bd6 8. Bg5 c6 9. O-O-O {B07: Pirc Defence: Miscellaneous Systems.} Bc7 10. Nh4 h6 11. Bxf6 {White is slightly better.} gxf6 12. Nf5 Nd7 13. a3 Nc5 {The position is equal.} 14. f3 a5 {[#]} 15. Nd6+ $146 ({Predecessor:} 15. b4 axb4 16. axb4 Na4 17. Ne2 h5 18. Bb3 h4 19. c3 Nb6 20. Kc2 Bxf5 21. exf5 Ke7 22. g4 Rhd8 23. Rxd8 Rxd8 24. h3 Bd6 25. Rd1 Bc7 26. Rxd8 {½-½ (26) Iordachescu,V (2603)-Damljanovic,B (2625) Zlatibor 2006}) 15... Bxd6 16. Rxd6 Ke7 17. Rhd1 a4 18. R1d2 h5 19. h4 Be6 20. Bxe6 fxe6 21. Nxa4 Nxa4 22. Rd7+ Kf8 23. Rxb7 Nc5 24. Rc7 Na6 25. Rb7 Nc5 26. Rc7 Na6 27. Rb7 {Black did not feel at home in the position after the opening. Accuracy: White = 100%, Black = 100%.} 1/2-1/2

[Event "CRO-ch 2020"]
[Site "Vinkovci"]
[Date "2020.06.21"]
[Round "3.5"]
[White "Saric, Ante"]
[Black "Martinovic, Sasa"]
[Result "1/2-1/2"]
[WhiteElo "2541"]
[BlackElo "2532"]
[Annotator "TA"]
[PlyCount "37"]
[EventDate "2020.06.19"]
[EventType "tourn"]
[EventCountry "CRO"]
[SourceTitle "playchess.com"]
[Source "ChessBase"]
[SourceQuality "1"]

{[%evp 13,37,14,29,12,37,30,20,22,22,22,22,22,22,22,22,22,34,12,14,15,12,4,2,0,0,0]} 1. d4 d5 2. c4 c6 3. Nf3 Nf6 4. Nc3 e6 5. e3 a6 6. Qc2 c5 7. cxd5 exd5 8. Be2 {D45: Semi-Slav: 5 e3.} Be6 9. O-O Nc6 10. Rd1 cxd4 11. Nxd4 Nxd4 12. Rxd4 Bc5 13. Rd1 {With the idea Nxd5.} Qe7 14. Bf3 {[%cal Rc3d5]} O-O 15. b3 {[%cal Rc3d5]} Rac8 {The position is equal.} 16. Bb2 {[%cal Rc3d5]} Rfd8 17. Qe2 {[#]} b5 $146 ({Predecessor:} 17... Bb4 18. Rac1 Bxc3 19. Rxc3 Rxc3 20. Bxc3 Ne4 21. Qb2 f6 22. Bd4 Rc8 23. Rc1 Qd7 {½-½ (56) Iljiushenok,I (2470)-Lintchevski,D (2563) Moscow 2016}) 18. Rac1 d4 19. exd4 {An uneventful encounter. Accuracy: White = 100%, Black = 91%.} 1/2-1/2

[Event "CRO-ch 2020"]
[Site "Vinkovci"]
[Date "2020.06.21"]
[Round "3.6"]
[White "Kozul, Zdenko"]
[Black "Bosiocic, Marin"]
[Result "1-0"]
[WhiteElo "2597"]
[BlackElo "2625"]
[Annotator "TA"]
[PlyCount "39"]
[EventDate "2020.06.19"]
[EventType "tourn"]
[EventCountry "CRO"]
[SourceTitle "playchess.com"]
[Source "ChessBase"]
[SourceQuality "1"]

{[%evp 16,39,18,21,18,9,14,11,5,8,25,25,137,126,142,126,162,156,188,168,176,142,533,525,751,745]} 1. d4 Nf6 2. c4 e6 3. Nf3 d5 4. Nc3 Bb4 5. Bg5 h6 6. Bxf6 Qxf6 7. e3 O-O 8. Rc1 dxc4 9. Bxc4 c5 {D38: Queen's Gambit Declined: Ragozin Defence (4 Nf3 Bb4).} 10. dxc5 Nd7 11. O-O Nxc5 {The position is equal.} 12. Nb5 {[#] Hoping for a3.} Ba5 $146 ({Predecessor:} 12... Rd8 13. Qe2 Ba5 14. a3 Ne4 15. Bd3 Nd6 16. Nxd6 Rxd6 17. Rfd1 Rd8 18. Be4 a6 {½-½ (27) Radjabov,T (2765)-Anand,V (2753) chess.com INT 2020}) 13. Be2 Qe7 {[#]} (13... Bb6 $11 {remains equal.}) 14. Qd6 $1 $36 {[%cal Rd6e7][%mdl 2048] White is in control.} Qxd6 15. Nxd6 Na4 {[#]} 16. Ne5 $1 Bb4 17. Ndxf7 ({Less strong is} 17. Nxc8 Raxc8 18. Bf3 Rxc1 $14) ({Worse is} 17. Rxc8 Rfxc8 18. Nxc8 Rxc8 $11) 17... Nxb2 18. Bh5 {aiming for Rc2.} a5 $2 {[%mdl 8192]} (18... b5 $16 {is a better chance.}) 19. Rc7 $18 Na4 20. Bg6 {Black got outplayed after the opening. Accuracy: White = 90%, Black = 43%.} 1-0

[Event "CRO-ch 2020"]
[Site "Vinkovci"]
[Date "2020.06.22"]
[Round "4.1"]
[White "Rogic, Davor"]
[Black "Bosiocic, Marin"]
[Result "1-0"]
[WhiteElo "2492"]
[BlackElo "2625"]
[Annotator "TA"]
[PlyCount "81"]
[EventDate "2020.06.19"]
[EventType "tourn"]
[EventCountry "CRO"]
[SourceTitle "playchess.com"]
[Source "ChessBase"]
[SourceQuality "1"]

{[%evp 17,81,8,1,0,0,10,5,13,20,1,15,0,0,-10,20,0,19,0,0,1,19,0,13,-12,0,-27,-28,-30,-16,-37,-40,-51,-5,-17,-6,-34,-18,-23,0,0,0,24,20,22,28,35,40,28,42,43,170,140,966,932,793,633,695,694,691,678,29979,29980,29980,29980,3428,872]} 1. e4 c5 2. Nf3 d6 3. d4 cxd4 4. Nxd4 Nf6 5. Nc3 a6 6. g3 e5 7. Nde2 Be7 8. Bg2 O-O 9. O-O b5 {9...b5 scores better than 9...Nbd7.} 10. Nd5 {B91: Sicilian Najdorf: 6 g3.} Nxd5 11. Qxd5 Ra7 12. Be3 {The position is equal.} Rb7 13. Qd2 Nd7 {[#]} 14. Rac1 $146 ({Predecessor:} 14. Nc3 Nf6 15. Bg5 Be6 16. Bxf6 Bxf6 17. Nd5 Bg5 18. Qd3 a5 19. a3 Qc8 20. c3 {½-½ (43) Vitiugov,N (2732)-Yu,Y (2763) Khanty-Mansiysk 2019}) 14... h6 15. c4 b4 16. Bh3 a5 17. Rfd1 Qc7 18. f3 Rd8 19. Qe1 Rb8 20. Qf2 Ba6 21. Bf1 Nc5 22. b3 Bg5 23. Bxg5 hxg5 24. Qe3 Qb6 25. Bh3 a4 {Strongly threatening ...axb3.} 26. Rb1 axb3 27. axb3 g6 28. Nc1 Bb7 29. Kg2 Ra8 30. Rb2 Ra1 31. Qxg5 Kg7 32. Bg4 Rda8 33. h4 Bxe4 {[#]} ({Black should try} 33... Qd8 $14) 34. h5 $1 $18 {aiming for Rbd2.} ({But not} 34. fxe4 $2 Nxe4 35. Qe7 R8a7 $19) 34... Nd3 $2 {[%mdl 8192] Black cannot hold the game after this.} (34... f6 $16 35. h6+ Kf7) 35. h6+ Kf8 {[#]} 36. Qf6 $1 {[%mdl 512] Intending h7! and mate.} Qd8 37. Qg7+ Ke7 38. fxe4 Nxb2 39. Rf1 {[%csl Gf1][%cal Rg7f7]} Qg8 40. Qf6+ Ke8 41. Qxd6 {Accuracy: White = 90%, Black = 71%.} (41. c5 $142 R1a7 42. cxd6) 1-0

[Event "CRO-ch 2020"]
[Site "Vinkovci"]
[Date "2020.06.24"]
[Round "4.2"]
[White "Martinovic, Sasa"]
[Black "Kozul, Zdenko"]
[Result "1/2-1/2"]
[WhiteElo "2532"]
[BlackElo "2597"]
[Annotator "TA"]
[PlyCount "90"]
[EventDate "2020.06.19"]
[EventType "tourn"]
[EventCountry "CRO"]

{[%evp 12,90,49,37,35,25,45,44,48,48,50,46,48,37,41,16,0,0,41,0,13,16,0,5,0,-34,-38,-47,-50,-32,0,0,0,0,5,0,0,0,56,23,21,17,52,48,41,49,44,17,10,0,14,6,12,-45,-45,-45,-45,-65,-74,-63,-45,-45,-47,-81,-39,-38,-43,-122,-124,-214,0,-37,0,0,0,-56,0,0,0,-76,0]} 1. d4 Nf6 2. c4 g6 3. Nc3 Bg7 4. e4 d6 5. Be2 O-O 6. Be3 c6 7. h3 e5 {E73: King's Indian: Averbakh Variation without 6...c5.} 8. d5 a5 9. Nf3 Bd7 {White is slightly better.} 10. O-O Na6 11. Nd2 Nc5 {[#]} 12. Qb1 $146 ({Predecessor:} 12. b3 Qb8 13. Rb1 Rc8 14. a3 cxd5 15. cxd5 b5 16. b4 axb4 17. axb4 Na4 18. Nxa4 bxa4 {0-1 (43) Dzyuban,O (2362)-Saric,I (2660) Almaty 2016}) 12... Qe7 13. b4 axb4 14. Qxb4 Bc8 15. a4 Nfd7 16. Nb3 Na6 17. Qa3 $1 c5 18. Rae1 f5 19. exf5 gxf5 20. Qc1 f4 21. Bd2 Nf6 22. Qb1 Nb4 23. a5 Qd7 24. Nb5 Kh8 (24... Na6 $11) 25. Bxb4 (25. Bf3 $5 {[%cal Re1e5]}) 25... cxb4 26. Nd2 Rxa5 27. Qxb4 Ra6 28. Bf3 Rg8 29. Ne4 Nxe4 30. Rxe4 Bf8 31. Kh2 Qg7 32. Re2 ({Better is} 32. Nc3 $11) 32... Bf5 $15 33. Nc3 Bd3 $36 {[%mdl 2112] aiming for ...e4. Skewer. Black has some pressure.} 34. Rfe1 Bxe2 35. Rxe2 Qc7 36. Rb2 b6 37. Qb5 Ra1 38. Ne4 Rc1 39. Rb4 (39. Qxb6 $15 Rxc4 40. Qxc7 Rxc7 41. Rb6) 39... Be7 $17 40. Ra4 {[#]} (40. Qxb6 $17 Rxc4 41. Qxc7 Rxc7 42. Bg4) 40... Rc8 $2 (40... Bh4 $1 $19 {Threatens to win with ...Qg7.} 41. Qb2 Rxc4 42. Rxc4 Qxc4 43. Qxb6 Qxd5 44. Nxd6 Qe6) 41. Bg4 $15 Rd8 ({Don't go for} 41... Rxc4 $2 42. Bxc8 Rxa4 43. Qe8+ Kg7 44. Bd7 $18) 42. Qc6 Qb8 43. Rb4 ({White should try} 43. Ra6 $11) 43... Qa7 {( -> ...Qa1)} 44. Ra4 $1 {[%cal Ra4a7]} Qb8 45. Rb4 {[#]} Qa7 {Accuracy: White = 66%, Black = 76%.} (45... Bh4 $1 $17 46. Ra4 Re1) 1/2-1/2

[Event "CRO-ch 2020"]
[Site "Vinkovci"]
[Date "2020.06.22"]
[Round "4.3"]
[White "Stevic, Hrvoje"]
[Black "Saric, Ante"]
[Result "1/2-1/2"]
[WhiteElo "2575"]
[BlackElo "2541"]
[Annotator "TA"]
[PlyCount "61"]
[EventDate "2020.06.19"]
[EventType "tourn"]
[EventCountry "CRO"]
[SourceTitle "playchess.com"]
[Source "ChessBase"]
[SourceQuality "1"]

{[%evp 21,61,21,44,0,15,0,0,0,18,13,10,6,4,3,2,0,19,0,0,0,6,0,0,0,0,0,0,0,0,0,0,0,0,0,0,0,0,0,0,0,0,0]} 1. e4 e6 2. d4 d5 3. Nd2 c5 4. exd5 Qxd5 5. Ngf3 cxd4 6. Bc4 Qd6 7. O-O Nf6 8. Nb3 Nc6 9. Nbxd4 Nxd4 10. Nxd4 a6 11. Re1 Qc7 12. Bf1 {C07: French Tarrasch: 3...c5, 4 Ngf3 and 4 exd5 Qxd5.} Be7 {The position is equal.} 13. Qf3 O-O 14. Bf4 Bd6 15. Bxd6 Qxd6 16. Rad1 {Threatens to win with Nxe6.} Qc7 17. Qg3 Qxg3 18. hxg3 Bd7 19. Nf3 Rfd8 20. Ne5 Be8 {[#]} 21. c4 $146 ({Predecessor:} 21. f3 Kf8 22. Kf2 b5 23. c3 Rac8 24. g4 h6 25. g3 Rd5 26. Rxd5 Nxd5 27. f4 {0-1 (54) Vokhidov,S (2526)-Meier,G (2626) Moscow 2019}) 21... Kf8 22. f3 Ke7 23. g4 h6 24. Kf2 Rac8 25. b3 Rxd1 26. Rxd1 b5 27. Rd4 Rc5 28. Nd3 Rc8 29. Ne5 Rc5 30. Nd3 Rc8 31. Ne5 {Not much happened in this game. Accuracy: White = 93%, Black = 100%.} 1/2-1/2

[Event "CRO-ch 2020"]
[Site "Vinkovci"]
[Date "2020.06.22"]
[Round "4.4"]
[White "Palac, Mladen"]
[Black "Brkic, Ante"]
[Result "1/2-1/2"]
[WhiteElo "2529"]
[BlackElo "2593"]
[Annotator "TA"]
[PlyCount "32"]
[EventDate "2020.06.19"]
[EventType "tourn"]
[EventCountry "CRO"]
[SourceTitle "playchess.com"]
[Source "ChessBase"]
[SourceQuality "1"]

{[%evp 19,23,9,15,14,24,6]} 1. d4 Nf6 2. Nf3 g6 3. c4 Bg7 4. g3 c6 5. Bg2 d5 6. cxd5 cxd5 7. Ne5 O-O 8. Nc3 e6 9. O-O Bd7 10. Bf4 Nc6 11. Rc1 {D79: Fianchetto Grünfeld: Symmetrical Variation (6 0-0 c6 7 cxd5 cxd5).} Nh5 12. Nxc6 {[#] An uneventful encounter.} {Predecessor:} Bxc6 $146 13. Be3 Nf6 14. Bf4 Nh5 15. Be3 Nf6 16. Bf4 Nh5 {½-½ (16) Saric,A (2575)-Saric,I (2641) Sibenik 2015} 1/2-1/2

[Event "CRO-ch 2020"]
[Site "Vinkovci"]
[Date "2020.06.24"]
[Round "4.5"]
[White "Zelcic, Robert"]
[Black "Plenca, Jadranko"]
[Result "1/2-1/2"]
[WhiteElo "2527"]
[BlackElo "2483"]
[Annotator "TA"]
[PlyCount "102"]
[EventDate "2020.06.19"]
[EventType "tourn"]
[EventCountry "CRO"]

{[%evp 9,102,16,20,14,10,16,13,9,12,16,13,7,14,13,20,22,22,21,21,33,34,31,36,27,26,26,16,25,46,-25,-22,-32,-36,-21,-35,-12,-10,-20,-20,-68,-85,-61,-69,-71,-33,-40,-35,-37,-37,-29,-30,-40,0,-140,-122,-115,-127,-67,0,-32,-32,-32,-28,-22,-22,-24,-22,-22,-22,-20,-20,-24,-24,-34,-32,-27,-27,-54,-52,-54,-54,-56,-54,-54,-53,-58,-28,-28,-28,-28,-28,-30,0,0,0]} 1. e4 e5 2. Nf3 Nc6 3. Nc3 Nf6 4. Bb5 Bd6 5. O-O O-O 6. d3 {C48: Four Knights: 4 Bb5, replies other than 4...Bb4.} a6 7. Ba4 h6 $1 {7...h6 scores better than 7...b5.} 8. a3 Re8 9. Be3 Bf8 10. Bb3 d6 11. h3 Be6 12. Bxe6 Rxe6 13. Nd5 Re8 {[#]} 14. c4 $146 ({Predecessor:} 14. Nxf6+ Qxf6 15. Qd2 Rad8 16. Rad1 d5 17. exd5 Rxd5 18. Qc1 Kh7 19. Rfe1 Qd8 20. Nh2 {0-1 (49) Chodorowski,A (1330)-Subelj,J (2120) Rymanow Zdroj 2017}) 14... Nd7 15. b4 Ne7 16. Re1 c6 17. Nc3 f5 18. g3 Nf6 19. Bd2 ({White should play} 19. c5 $14) 19... Qd7 $11 20. d4 exd4 21. Nxd4 fxe4 22. Nxe4 Nxe4 23. Rxe4 Ng6 24. Qe2 Rxe4 $1 25. Qxe4 Ne5 26. Nf5 Qf7 27. Rc1 $1 Re8 {[#] White must now prevent ...d5.} 28. Rc3 b5 29. cxb5 axb5 30. Qc2 Qd5 31. Be3 (31. f4 $11 {keeps the balance.} Nc4 32. Nxh6+ Kh8 33. Qg6 Qd4+ 34. Be3 Qd1+ 35. Kh2 Qe2+ {[%mdl 64] Double Attack} 36. Kg1 Rxe3 37. Nf7+ Kg8 38. Nh6+ Kh8 39. Nf7+ Kg8 40. Nh6+ Kh8) 31... Nf3+ $17 32. Kf1 Re5 33. g4 h5 (33... c5 $15 34. Rd3 Qe4 35. bxc5 dxc5) 34. Qb3 Qxb3 35. Rxb3 hxg4 36. hxg4 Nh2+ 37. Ke2 Nxg4 38. Nd4 c5 39. bxc5 dxc5 40. Nxb5 c4 41. Rb1 Nxe3 42. fxe3 $15 {[%mdl 4096] Endgame KRB-KRN} Bc5 43. Kd2 Rxe3 44. a4 g5 45. Rc1 Re4 46. Kc3 g4 47. Rc2 $1 g3 48. Rg2 $1 Bf2 49. a5 $1 Be1+ 50. Kc2 Bxa5 {[#] ...Be1 is the strong threat.} 51. Rxg3+ Kf8 {Accuracy: White = 85%, Black = 87%.} 1/2-1/2

[Event "CRO-ch 2020"]
[Site "Vinkovci"]
[Date "2020.06.22"]
[Round "4.6"]
[White "Kovacevic, Blazimir"]
[Black "Jovanic, Ognjen"]
[Result "1/2-1/2"]
[WhiteElo "2410"]
[BlackElo "2524"]
[Annotator "TA"]
[PlyCount "35"]
[EventDate "2020.06.19"]
[EventType "tourn"]
[EventCountry "CRO"]
[SourceTitle "playchess.com"]
[Source "ChessBase"]
[SourceQuality "1"]

{[%evp 12,35,3,5,20,23,20,13,22,21,20,10,10,4,9,18,25,8,15,15,8,3,12,12,16,0]} 1. c4 Nf6 2. Nc3 e5 3. Nf3 Nc6 4. e3 Bb4 5. Qc2 Bxc3 6. Qxc3 Qe7 7. Be2 {Recently 7.d4 got a lot of attention.} d5 {A28: English Opening: Four Knights Variation.} 8. d4 exd4 9. Nxd4 Nxd4 10. Qxd4 c5 11. Qh4 dxc4 12. Bxc4 O-O 13. O-O Be6 14. Be2 {[#]} Nd5 $5 $146 {[%mdl 8] The position is equal. New and interesting.} ({Predecessor:} 14... Rfd8 15. e4 Rd4 16. f3 Bc4 17. Bxc4 Rxc4 18. Bg5 h6 19. Bxf6 Qxf6 20. Qxf6 gxf6 {½-½ (73) Lagarde,M (2600)-Fedorchuk,S (2620) Le Blanc Mesnil 2019}) 15. Qxe7 Nxe7 16. Bd2 Rfd8 17. Rfd1 f6 18. b3 {A rather calm draw. Accuracy: White = 100%, Black = 100%.} 1/2-1/2